000 00588cam a22001934a 4500
005 20250901165331.0
008 051104s2007 maua b 001 0 eng
010 _a 2005057676
020 _a9780072987256 (alk. paper)
020 _a0072987251 (alk. paper)
050 0 0 _aHF5549.2.U5 B456 2007
_bB456 2007
082 0 0 _a658.3
_222
100 1 _aBernardin, H. John.
245 1 0 _aHuman resource management :
_ban experiential approach /
_cH. John Bernardin.
250 _a4th ed.
260 _aBoston :
_bMcGraw-Hill,
_cc2007.
300 _axiii, 722 p. :
_bill. ;
_c28 cm.
942 _2ddc
999 _c2318
_d2318